Land vs. Land #107 - Statistiken

Allgemein
  • Dieses Quiz wurde 12 mal gespielt
  • Das Durchschnittsergebnis liegt bei 10 aus 14
Antwortstatistiken
Frage Antwort % Korrekt
...Fläche? Panama🇵🇦
100%
...Einwohner? Panama🇵🇦
100%
...Happy Planet Index? Panama🇵🇦
91%
...Exportmengen? Panama🇵🇦
91%
...Bruttoinlandsprodukt? Panama🇵🇦
82%
...Tourismus? Panama🇵🇦
82%
...Gewinner? Panama🇵🇦
82%
...HDI (Human Development Index)? Panama🇵🇦
64%
...Bruttoinlandsprodukt pro Kopf? Panama🇵🇦
55%
...Gesundheitswesen? Panama🇵🇦
55%
...Lebenserwartung? Panama🇵🇦
55%
...durchschnittlicher IQ? Panama🇵🇦
55%
...Militär? Kosovo🇽🇰
27%
...Frieden? Kosovo🇽🇰
27%
Keine übereinstimmenden Quizze gefunden
Verteilung der Resultate
Anzahl Personen mit jedem Resultat
Perzentil nach korrekt beantworteten Fragen
Ihre Resultats-Entwicklung
Sie haben dieses Quiz noch nicht gespielt